<?xml version="1.0" encoding="UTF-8"?>
<record
    xmlns:xsi="http://www.w3.org/2001/XMLSchema-instance"
    xsi:schemaLocation="http://www.loc.gov/MARC21/slim http://www.loc.gov/standards/marcxml/schema/MARC21slim.xsd"
    xmlns="http://www.loc.gov/MARC21/slim">

  <leader>00583nam a22001577a 4500</leader>
  <controlfield tag="003">OSt</controlfield>
  <controlfield tag="005">20150910132245.0</controlfield>
  <controlfield tag="008">150910b        xxu||||| |||| 00| 0 eng d</controlfield>
  <datafield tag="040" ind1=" " ind2=" ">
    <subfield code="c">RUA</subfield>
  </datafield>
  <datafield tag="082" ind1=" " ind2=" ">
    <subfield code="a">AGR &#x1798;&#x17C9;&#x17C5; 1995 B013 Or.1</subfield>
  </datafield>
  <datafield tag="100" ind1=" " ind2=" ">
    <subfield code="9">230</subfield>
    <subfield code="a">&#x1798;&#x17C9;&#x17C5; &#x179F;&#x17B7;&#x1791;&#x17D2;&#x1792;</subfield>
  </datafield>
  <datafield tag="245" ind1=" " ind2=" ">
    <subfield code="a">&#x179F;&#x178F;&#x17D2;&#x179C;&#x179B;&#x17D2;&#x17A2;&#x17B7;&#x178F;&#x1794;&#x17C6;&#x1795;&#x17D2;&#x179B;&#x17B6;&#x1789;&#x17A2;&#x1784;&#x17D2;&#x1780;&#x179A;&#x1780;&#x17D2;&#x1793;&#x17BB;&#x1784;&#x1783;&#x17D2;&#x179B;&#x17B6;&#x17C6;&#x1784;&#x179F;&#x17D2;&#x178F;&#x17BB;&#x1780;&#x1791;&#x17BB;&#x1780;&#x1795;&#x179B;&#x17B7;&#x178F;&#x1795;&#x179B;&#x1793;&#x17C3;&#x1796;&#x17D2;&#x179A;&#x17C7;&#x179A;&#x17B6;&#x1787;&#x17B6;&#x178E;&#x17B6;&#x1785;&#x1780;&#x17D2;&#x179A;&#x1780;&#x1798;&#x17D2;&#x1796;&#x17BB;&#x1787;&#x17B6;</subfield>
  </datafield>
  <datafield tag="260" ind1=" " ind2=" ">
    <subfield code="a">Phnom Penh </subfield>
    <subfield code="b">RUA</subfield>
    <subfield code="c">1995</subfield>
  </datafield>
  <datafield tag="300" ind1=" " ind2=" ">
    <subfield code="a">49p.</subfield>
    <subfield code="b">ill.</subfield>
    <subfield code="c">29cm.</subfield>
  </datafield>
  <datafield tag="942" ind1=" " ind2=" ">
    <subfield code="2">ddc</subfield>
    <subfield code="c">AGR</subfield>
  </datafield>
  <datafield tag="999" ind1=" " ind2=" ">
    <subfield code="c">215</subfield>
    <subfield code="d">215</subfield>
  </datafield>
  <datafield tag="952" ind1=" " ind2=" ">
    <subfield code="0">0</subfield>
    <subfield code="1">0</subfield>
    <subfield code="2">ddc</subfield>
    <subfield code="4">0</subfield>
    <subfield code="6">AGR_&#x1798;&#x17C5;_1995_000000000000000_B013_OR_1</subfield>
    <subfield code="7">0</subfield>
    <subfield code="9">904</subfield>
    <subfield code="a">LBB</subfield>
    <subfield code="b">LBB</subfield>
    <subfield code="c">B013</subfield>
    <subfield code="d">2015-09-10</subfield>
    <subfield code="l">1</subfield>
    <subfield code="o">AGR &#x1798;&#x17C9;&#x17C5; 1995 B013 Or.1</subfield>
    <subfield code="p">RUA003110</subfield>
    <subfield code="r">2016-07-19</subfield>
    <subfield code="s">2016-07-05</subfield>
    <subfield code="w">2015-09-10</subfield>
    <subfield code="y">AGR</subfield>
  </datafield>
  <datafield tag="952" ind1=" " ind2=" ">
    <subfield code="0">0</subfield>
    <subfield code="1">0</subfield>
    <subfield code="2">ddc</subfield>
    <subfield code="4">0</subfield>
    <subfield code="6">AGR_&#x1798;&#x17C5;_1995_000000000000000_B013_OR_2</subfield>
    <subfield code="7">0</subfield>
    <subfield code="9">905</subfield>
    <subfield code="a">LBB</subfield>
    <subfield code="b">LBB</subfield>
    <subfield code="c">B013</subfield>
    <subfield code="d">2015-09-10</subfield>
    <subfield code="l">1</subfield>
    <subfield code="o">AGR &#x1798;&#x17C9;&#x17C5; 1995 B013 Or.2</subfield>
    <subfield code="p">RUA003182</subfield>
    <subfield code="r">2016-07-12</subfield>
    <subfield code="s">2016-07-04</subfield>
    <subfield code="w">2015-09-10</subfield>
    <subfield code="y">AGR</subfield>
  </datafield>
  <datafield tag="952" ind1=" " ind2=" ">
    <subfield code="0">0</subfield>
    <subfield code="1">0</subfield>
    <subfield code="2">ddc</subfield>
    <subfield code="4">0</subfield>
    <subfield code="6">AGR_&#x1798;&#x17C5;_1995_000000000000000_B013_OR_3</subfield>
    <subfield code="7">0</subfield>
    <subfield code="9">906</subfield>
    <subfield code="a">LBB</subfield>
    <subfield code="b">LBB</subfield>
    <subfield code="c">B013</subfield>
    <subfield code="d">2015-09-10</subfield>
    <subfield code="l">1</subfield>
    <subfield code="o">AGR &#x1798;&#x17C9;&#x17C5; 1995 B013 Or.3</subfield>
    <subfield code="p">RUA003042</subfield>
    <subfield code="r">2016-07-12</subfield>
    <subfield code="s">2016-07-04</subfield>
    <subfield code="w">2015-09-10</subfield>
    <subfield code="y">AGR</subfield>
  </datafield>
  <datafield tag="952" ind1=" " ind2=" ">
    <subfield code="0">0</subfield>
    <subfield code="1">0</subfield>
    <subfield code="2">ddc</subfield>
    <subfield code="4">0</subfield>
    <subfield code="6">AGR_&#x1798;&#x17C5;_1995_000000000000000_B013_OR_4</subfield>
    <subfield code="7">0</subfield>
    <subfield code="9">907</subfield>
    <subfield code="a">LBB</subfield>
    <subfield code="b">LBB</subfield>
    <subfield code="c">B013</subfield>
    <subfield code="d">2015-09-10</subfield>
    <subfield code="l">2</subfield>
    <subfield code="o">AGR &#x1798;&#x17C9;&#x17C5; 1995 B013 Or.4</subfield>
    <subfield code="p">RUA003024</subfield>
    <subfield code="r">2016-08-02</subfield>
    <subfield code="s">2016-07-15</subfield>
    <subfield code="w">2015-09-10</subfield>
    <subfield code="y">AGR</subfield>
  </datafield>
  <datafield tag="952" ind1=" " ind2=" ">
    <subfield code="0">0</subfield>
    <subfield code="1">0</subfield>
    <subfield code="2">ddc</subfield>
    <subfield code="4">0</subfield>
    <subfield code="6">AGR_&#x1798;&#x17C5;_1995_000000000000000_B013_OR_5</subfield>
    <subfield code="7">0</subfield>
    <subfield code="9">908</subfield>
    <subfield code="a">LBB</subfield>
    <subfield code="b">LBB</subfield>
    <subfield code="c">B013</subfield>
    <subfield code="d">2015-09-10</subfield>
    <subfield code="l">3</subfield>
    <subfield code="o">AGR &#x1798;&#x17C9;&#x17C5; 1995 B013 Or.5</subfield>
    <subfield code="p">RUA003096</subfield>
    <subfield code="r">2019-12-06</subfield>
    <subfield code="s">2019-11-19</subfield>
    <subfield code="w">2015-09-10</subfield>
    <subfield code="y">AGR</subfield>
  </datafield>
  <datafield tag="952" ind1=" " ind2=" ">
    <subfield code="0">0</subfield>
    <subfield code="1">0</subfield>
    <subfield code="2">ddc</subfield>
    <subfield code="4">0</subfield>
    <subfield code="6">AGR_&#x1798;&#x17C5;_1995_000000000000000_B013_OR_6</subfield>
    <subfield code="7">0</subfield>
    <subfield code="9">909</subfield>
    <subfield code="a">LBB</subfield>
    <subfield code="b">LBB</subfield>
    <subfield code="c">B013</subfield>
    <subfield code="d">2015-09-10</subfield>
    <subfield code="l">2</subfield>
    <subfield code="o">AGR &#x1798;&#x17C9;&#x17C5; 1995 B013 Or.6</subfield>
    <subfield code="p">RUA003168</subfield>
    <subfield code="r">2016-11-18</subfield>
    <subfield code="s">2016-11-11</subfield>
    <subfield code="w">2015-09-10</subfield>
    <subfield code="y">AGR</subfield>
  </datafield>
  <datafield tag="952" ind1=" " ind2=" ">
    <subfield code="0">0</subfield>
    <subfield code="1">0</subfield>
    <subfield code="2">ddc</subfield>
    <subfield code="4">0</subfield>
    <subfield code="6">AGR_&#x1798;&#x17C5;_1995_000000000000000_B013_OR_7</subfield>
    <subfield code="7">0</subfield>
    <subfield code="9">910</subfield>
    <subfield code="a">LBB</subfield>
    <subfield code="b">LBB</subfield>
    <subfield code="c">B013</subfield>
    <subfield code="d">2015-09-10</subfield>
    <subfield code="l">3</subfield>
    <subfield code="o">AGR &#x1798;&#x17C9;&#x17C5; 1995 B013 Or.7</subfield>
    <subfield code="p">RUA003240</subfield>
    <subfield code="r">2018-05-30</subfield>
    <subfield code="s">2018-05-04</subfield>
    <subfield code="w">2015-09-10</subfield>
    <subfield code="y">AGR</subfield>
  </datafield>
</record>
